000 00781nam a2200289Ia 4500
001 24313
005 20240114000800.0
007 ta
008 060407s1974 g b000 u 465 u
040 _aCotton College,Assam
041 _a465
082 _a543
_bL 981 P
100 _aLyalikov, Yu. .
245 0 _aProblems in Physicochemical Methods of Analysis /
_cYu.Lyalikov...(et al).
_hTextual Documents
250 _a1st ed. /
260 _aMoscow :
_bMir Publishers ,
_c1974.
300 _a328p. ;
_c22cm.
653 _aPhysicochemical methods
653 _aG-Chemistry
700 _aBulatov, M. .
700 _aBodyu, V. .
700 _aKrachun, S. .
700 _aBeknazarov, Artavaz .
942 _2ddc
_cBK
999 _c24295
_d24295